000 00351nam a2200157Ia 4500
008 230605s2006 xx 000 0 und d
041 _aeng
100 _aAbbott Lewrey
245 _aFront Office
260 _bElsevier Butter Worth
_c2006
_c2006
300 _a211
365 _b180
_h20
500 _a116
520 _aGeneral
650 _aF.O.
999 _c418201
_d418201